All Rex Orange County Songs (Including Features) - Statistics

General Stats
  • This quiz has been taken 930 times
    294 since last reset
  • The average score is 37 of 66
Answer Stats
Album Song % Correct
Apricot Princess Apricot Princess
86%
Pony Pluto Projector
84%
Pony 10/10
77%
The Alexander Technique Alexander
76%
WHO CARES? AMAZING
74%
Single Best Friend
74%
Apricot Princess Untitled
73%
Apricot Princess Television / So Far So Good
72%
WHO CARES? WHO CARES?
72%
Apricot Princess Happiness
69%
Single Sunflower
69%
WHO CARES? THE SHADE
69%
Apricot Princess Never Enough
67%
Apricot Princess Sycamore Girl
67%
Pony Always
66%
Pony Laser Lights
66%
Apricot Princess 4 Seasons
64%
The Alexander Technique Guitar Song
64%
Pony It's Not The Same Anymore
64%
WHO CARES? OPEN A WINDOW
64%
Apricot Princess Rain Man
64%
The Alexander Technique The Table
64%
Pony Never Had The Balls
63%
Apricot Princess Waiting Room
62%
Bcos U Will Never B Free Corduroy Dreams
61%
WHO CARES? KEEP IT UP
61%
The Alexander Technique 2008
58%
Pony Face to Face
58%
Apricot Princess Nothing
57%
Bcos U Will Never B Free Japan
56%
Single New House
56%
WHO CARES? ONE IN A MILLION
56%
The Alexander Technique Pure
56%
Single Uno
56%
Bcos U Will Never B Free A Song About Being Sad
55%
Bcos U Will Never B Free Rex (Intro)
55%
WHO CARES? 7AM
54%
The Alexander Technique Jealousy
54%
Single Loving is Easy
53%
The Alexander Technique New Years
52%
The Alexander Technique 4 In The Morning
51%
Feature Boredom
51%
The Alexander Technique Finally
51%
Bcos U Will Never B Free Paradise
51%
Single Edition
50%
The Alexander Technique Therapy
48%
Single THREAT
47%
The Alexander Technique Carrera
45%
Bcos U Will Never B Free Know Love
45%
The Alexander Technique Look Me In The Eyes
45%
The Alexander Technique Sliding Doors
45%
The Alexander Technique One Of These Days
44%
WHO CARES? SHOOT ME DOWN
43%
Pony Stressed Out
43%
Bcos U Will Never B Free Belly (The Grass Stains)
42%
Pony It Gets Better
42%
WHO CARES? MAKING TIME
42%
Bcos U Will Never B Free Curfew...
41%
The Alexander Technique Much Too Much
39%
WHO CARES? WORTH IT
39%
Pony Every Way
38%
Bcos U Will Never B Free Portrait of Ned
38%
Feature Foreword
36%
WHO CARES? IF YOU WANT IT
36%
The Alexander Technique Lost For Words
36%
Bcos U Will Never B Free Green Eyes, Pt. II
34%
No matching quizzes found
Score Distribution
Percent of People with Each Score
Percentile by Number Answered
Your Score History
You have not taken this quiz since the last reset